Catalog

Record Details

Catalog Search



Available copies

  • 3 of 3 copies available at LARL/NWRL Consortium.
  • 3 of 3 copies available at Lake Agassiz Regional Library. (Show preferred library)

Current holds

0 current holds with 3 total copies.

Show Only Available Copies
Location Call Number / Copy Notes Barcode Shelving Location Status Due Date
Bagley Public Library EASY READER E 636 NIC (Text) 33500013785977 Main Available -
Climax Public Library EASY READER E 636 NIC (Text) 33500013785969 Main Available -
Moorhead Public Library EASY READER E 636 NIC (Text) 33500013785951 Main Available -

Record details

  • ISBN: 9780744067057
  • ISBN: 0744067057
  • ISBN: 9780744067064
  • ISBN: 0744067065
  • Physical Description: 32 pages : color illustrations ; 24 cm.
  • Publisher: New York, NY : DK Publishing, [2023]

Content descriptions

General Note:
Includes index.
Summary, etc.:
A Day on the Farm is a beautifully designed reader ... Read More
Subject: Farms > Juvenile literature.
Farm life > Juvenile literature.
Readers (Elementary)
Genre: Beginning Readers Nonfiction.
Readers (Publications)
Illustrated works.
LDR 01992cam a22005058i 4500
001414370
003LARL_NWRL_CONSORTIUM
00520230824142232.0
008221212t20232023nyua j 001 0 eng d
040 . ‡aUKMGB ‡beng ‡erda ‡cUKMGB ‡dOCLCF ‡dTOH ‡dOQX ‡dJVK ‡dJAS ‡dINO ‡dOQX ‡dIFA ‡dSDG
015 . ‡aGBC324664 ‡2bnb
0167 . ‡a020949510 ‡2Uk
020 . ‡a9780744067057 ‡q(hardback)
020 . ‡a0744067057 ‡q(hardback)
020 . ‡a9780744067064 ‡q(paperback)
020 . ‡a0744067065 ‡q(paperback)
035 . ‡a(OCoLC)1370599621
08204. ‡a428.6 ‡223
1001 . ‡aNicholson, Sue, ‡eauthor. ‡0(LARL_NWRL_CONSORTIUM)135833
24512. ‡aA day on the farm / ‡cSue Nicholson.
264 1. ‡aNew York, NY : ‡bDK Publishing, ‡c[2023]
264 4. ‡c©2023
300 . ‡a32 pages : ‡bcolor illustrations ; ‡c24 cm.
336 . ‡atext ‡btxt ‡2rdacontent
336 . ‡astill image ‡bsti ‡2rdacontent
337 . ‡aunmediated ‡bn ‡2rdamedia
338 . ‡avolume ‡bnc ‡2rdacarrier
4900 . ‡aDK super readers. Level 1
500 . ‡aIncludes index.
520 . ‡aA Day on the Farm is a beautifully designed reader all about a day in the life of a farm, with eggs hatching, milking time for the cows, sheep shearing and lots of hungry baby animals! Children will love to find out about the animals on the farm, the work the farmer does and all the cute animal babies.
650 0. ‡aFarms ‡vJuvenile literature. ‡0(LARL_NWRL_CONSORTIUM)164992
650 0. ‡aFarm life ‡vJuvenile literature. ‡0(LARL_NWRL_CONSORTIUM)164988
650 0. ‡aReaders (Elementary) ‡0(LARL_NWRL_CONSORTIUM)29451
655 0. ‡aBeginning Readers Nonfiction.
655 7. ‡aReaders (Publications) ‡2lcgft
655 7. ‡aIllustrated works. ‡2lcgft
7102 . ‡aDorling Kindersley Publishing, Inc., ‡epublisher. ‡0(LARL_NWRL_CONSORTIUM)140270
901 . ‡a414370 ‡b ‡c414370 ‡tbiblio

Additional Resources